| 000 -LEADER |
| fixed length control field |
01065 a2200229 4500 |
| 020 ## - INTERNATIONAL STANDARD BOOK NUMBER |
| International Standard Book Number |
0471720925 |
| 020 ## - INTERNATIONAL STANDARD BOOK NUMBER |
| International Standard Book Number |
0471720925 |
| 040 ## - CATALOGING SOURCE |
| Original cataloging agency |
DLC |
| Language of cataloging |
DLC |
| 100 1# - MAIN ENTRY--PERSONAL NAME |
| Personal name |
Chu, Pong P., |
| 245 10 - TITLE STATEMENT |
| Title |
RTL hardware design using VHDL : coding for efficiency, portability, and scalability |
| Remainder of title |
coding for efficiency, portability, and scalability |
| Statement of responsibility, etc. |
Pong P. Chu. |
| 246 30 - VARYING FORM OF TITLE |
| Title proper/short title |
RTL hardware design using VHDL [electronic resource] |
| 260 ## - PUBLICATION, DISTRIBUTION, ETC. |
| Place of publication, distribution, etc. |
Hoboken, NJ : |
| Name of publisher, distributor, etc. |
J. Wiley & Sons, |
| Date of publication, distribution, etc. |
2006. |
| 300 ## - PHYSICAL DESCRIPTION |
| Extent |
669 p. : |
| Other physical details |
ill. ; |
| Dimensions |
27 cm. |
| 500 ## - GENERAL NOTE |
| General note |
"A Wiley-Interscience publication." |
| 538 ## - SYSTEM DETAILS NOTE |
| System details note |
Mode of access: World Wide Web. |
| 538 ## - SYSTEM DETAILS NOTE |
| System details note |
System requirements : Internet connectivity, World Wide Web browser, Adobe Acrobat reader required to view and print file. |
| 650 #0 - SUBJECT ADDED ENTRY--TOPICAL TERM |
| Topical term or geographic name entry element |
Digital electronics |
| General subdivision |
Data processing. |
| 650 #0 - SUBJECT ADDED ENTRY--TOPICAL TERM |
| Topical term or geographic name entry element |
VHDL (Computer hardware description language) |
| 710 2# - ADDED ENTRY--CORPORATE NAME |
| Corporate name or jurisdiction name as entry element |
Wiley InterScience (Online service) |
| 856 41 - ELECTRONIC LOCATION AND ACCESS |
| Uniform Resource Identifier |
<a href="http://libproxy1.nus.edu.sg/login?url=http://www3.interscience.wiley.com/cgi-bin/homepage/?isbn=9780471786412">http://libproxy1.nus.edu.sg/login?url=http://www3.interscience.wiley.com/cgi-bin/homepage/?isbn=9780471786412</a> |
| 942 ## - ADDED ENTRY ELEMENTS (KOHA) |
| Koha item type |
Book |
| Call number prefix |
621.392 CHU |
| Source of classification or shelving scheme |
|